Normal view
MARC view
Entry Personal Name
001 - CONTROL NUMBER
- control field: 1982
003 - CONTROL NUMBER IDENTIFIER
- control field: BD-RjUL
005 - DATE AND TIME OF LATEST TRANSACTION
- control field: 20220322151914.0
008 - FIXED-LENGTH DATA ELEMENTS
- fixed length control field: 220322|| aca||aabn | a|a d
040 ## - CATALOGING SOURCE
- Original cataloging agency: BD-RjUL
- Transcribing agency: BD-RjUL
100 ## - HEADING--PERSONAL NAME
- Personal name: Rahman, K. B. M. Mahbubur, Supervisor
670 ## - SOURCE DATA FOUND
- Source citation: Work cat.: (BD-RjUL)79599: Nasrin, Hosnay 1980, " An enquiry into the role of small and medium enterprises for sustainable development of Bangladesh." /, 2014